<?xml version="1.0" encoding="UTF-8"?>
<record
    xmlns:xsi="http://www.w3.org/2001/XMLSchema-instance"
    xsi:schemaLocation="http://www.loc.gov/MARC21/slim http://www.loc.gov/standards/marcxml/schema/MARC21slim.xsd"
    xmlns="http://www.loc.gov/MARC21/slim">

  <leader>00859nam a22002297a 4500</leader>
  <controlfield tag="003">CO-ViMGA</controlfield>
  <controlfield tag="008">140603b2010 sp a|||g|||| 00| 01sspad</controlfield>
  <datafield tag="020" ind1=" " ind2=" ">
    <subfield code="a">9789588846002</subfield>
  </datafield>
  <datafield tag="040" ind1=" " ind2=" ">
    <subfield code="a">CO-ViMGA</subfield>
    <subfield code="b">spa</subfield>
    <subfield code="c">CO-ViMGA</subfield>
  </datafield>
  <datafield tag="082" ind1="0" ind2="4">
    <subfield code="a">372.21</subfield>
    <subfield code="b">F83o</subfield>
  </datafield>
  <datafield tag="100" ind1="1" ind2=" ">
    <subfield code="a">	Fujikawa, Gyo</subfield>
    <subfield code="d">1908-1999</subfield>
    <subfield code="9">12518</subfield>
  </datafield>
  <datafield tag="245" ind1="1" ind2="0">
    <subfield code="a">&#xA1;Oh, Qu&#xE9; d&#xED;a m&#xE1;s divertido!</subfield>
    <subfield code="c">Gyo Fujikawa ; raducci&#xF3;n de Carlos Mayor</subfield>
  </datafield>
  <datafield tag="250" ind1=" " ind2=" ">
    <subfield code="a">	Edici&#xF3;n especial para el Ministerio de Cultura</subfield>
  </datafield>
  <datafield tag="260" ind1=" " ind2=" ">
    <subfield code="a">Barcelona</subfield>
    <subfield code="a">Bogot&#xE1;</subfield>
    <subfield code="b">Jueventud S.A</subfield>
    <subfield code="b">	Panamericana</subfield>
    <subfield code="c">2010</subfield>
  </datafield>
  <datafield tag="300" ind1=" " ind2=" ">
    <subfield code="a">[78] p&#xE1;ginas sin enumerar</subfield>
    <subfield code="b">ilustraciones a color</subfield>
  </datafield>
  <datafield tag="490" ind1=" " ind2=" ">
    <subfield code="a">Leer es mi cuento</subfield>
  </datafield>
  <datafield tag="650" ind1="1" ind2="4">
    <subfield code="a">Actividades cotidianas</subfield>
    <subfield code="v">Libros ilustrados para ni&#xF1;os</subfield>
    <subfield code="9">12519</subfield>
  </datafield>
  <datafield tag="650" ind1="1" ind2="4">
    <subfield code="a">Amistad</subfield>
    <subfield code="v">Libros ilustrados para ni&#xF1;os</subfield>
    <subfield code="9">12521</subfield>
  </datafield>
  <datafield tag="650" ind1="1" ind2="4">
    <subfield code="a">Aventuras</subfield>
    <subfield code="v">Libros ilustrados para ni&#xF1;os</subfield>
    <subfield code="9">12520</subfield>
  </datafield>
  <datafield tag="700" ind1="1" ind2=" ">
    <subfield code="a">	Mayor, Carlos</subfield>
    <subfield code="9">12522</subfield>
  </datafield>
  <datafield tag="942" ind1=" " ind2=" ">
    <subfield code="2">ddc</subfield>
    <subfield code="c">BK</subfield>
  </datafield>
  <datafield tag="999" ind1=" " ind2=" ">
    <subfield code="c">46</subfield>
    <subfield code="d">46</subfield>
  </datafield>
  <datafield tag="952" ind1=" " ind2=" ">
    <subfield code="0">0</subfield>
    <subfield code="1">0</subfield>
    <subfield code="2">ddc</subfield>
    <subfield code="4">0</subfield>
    <subfield code="7">0</subfield>
    <subfield code="8">INF</subfield>
    <subfield code="a">MECUMARA</subfield>
    <subfield code="b">MECUMARA</subfield>
    <subfield code="c">SInf</subfield>
    <subfield code="d">2022-12-14</subfield>
    <subfield code="l">0</subfield>
    <subfield code="o">372.21F83O</subfield>
    <subfield code="p">CUM04656</subfield>
    <subfield code="r">2022-12-14 00:00:00</subfield>
    <subfield code="t">Ej.1</subfield>
    <subfield code="w">2022-12-14</subfield>
    <subfield code="y">BKINF</subfield>
  </datafield>
  <datafield tag="952" ind1=" " ind2=" ">
    <subfield code="0">0</subfield>
    <subfield code="1">0</subfield>
    <subfield code="2">ddc</subfield>
    <subfield code="4">0</subfield>
    <subfield code="7">0</subfield>
    <subfield code="8">INF</subfield>
    <subfield code="a">MEGUAMAL</subfield>
    <subfield code="b">MEGUAMAL</subfield>
    <subfield code="c">SInf</subfield>
    <subfield code="d">2023-02-28</subfield>
    <subfield code="l">0</subfield>
    <subfield code="o">372.21  F83o</subfield>
    <subfield code="p">GUA001778</subfield>
    <subfield code="r">2023-02-28 00:00:00</subfield>
    <subfield code="t">Ej.1</subfield>
    <subfield code="w">2023-02-28</subfield>
    <subfield code="y">BKINF</subfield>
  </datafield>
  <datafield tag="952" ind1=" " ind2=" ">
    <subfield code="0">0</subfield>
    <subfield code="1">0</subfield>
    <subfield code="2">ddc</subfield>
    <subfield code="4">0</subfield>
    <subfield code="7">0</subfield>
    <subfield code="8">INF</subfield>
    <subfield code="a">MEDORADO</subfield>
    <subfield code="b">MEDORADO</subfield>
    <subfield code="c">SInf</subfield>
    <subfield code="d">2023-03-03</subfield>
    <subfield code="l">0</subfield>
    <subfield code="o">372.21 F83o</subfield>
    <subfield code="p">DOR02383</subfield>
    <subfield code="r">2023-03-03 00:00:00</subfield>
    <subfield code="t">Ej.1</subfield>
    <subfield code="w">2023-03-03</subfield>
    <subfield code="y">BKINF</subfield>
  </datafield>
  <datafield tag="952" ind1=" " ind2=" ">
    <subfield code="0">0</subfield>
    <subfield code="1">0</subfield>
    <subfield code="2">ddc</subfield>
    <subfield code="4">0</subfield>
    <subfield code="7">0</subfield>
    <subfield code="8">INF</subfield>
    <subfield code="a">MECUBARR</subfield>
    <subfield code="b">MECUBARR</subfield>
    <subfield code="c">SInf</subfield>
    <subfield code="d">2023-06-29</subfield>
    <subfield code="l">0</subfield>
    <subfield code="o">372.21 F83o</subfield>
    <subfield code="p">CUB00018</subfield>
    <subfield code="r">2023-06-29 00:00:00</subfield>
    <subfield code="t">Ej.1</subfield>
    <subfield code="w">2023-06-29</subfield>
    <subfield code="y">BKINF</subfield>
  </datafield>
  <datafield tag="952" ind1=" " ind2=" ">
    <subfield code="0">0</subfield>
    <subfield code="1">0</subfield>
    <subfield code="2">ddc</subfield>
    <subfield code="4">0</subfield>
    <subfield code="7">0</subfield>
    <subfield code="8">INF</subfield>
    <subfield code="a">MESGUARO</subfield>
    <subfield code="b">MESGUARO</subfield>
    <subfield code="c">SInf</subfield>
    <subfield code="d">2023-06-30</subfield>
    <subfield code="o">372.21</subfield>
    <subfield code="p">SG00802</subfield>
    <subfield code="r">2023-06-30 00:00:00</subfield>
    <subfield code="t">Ej.1</subfield>
    <subfield code="w">2023-06-30</subfield>
    <subfield code="y">BKINF</subfield>
  </datafield>
  <datafield tag="952" ind1=" " ind2=" ">
    <subfield code="0">0</subfield>
    <subfield code="1">0</subfield>
    <subfield code="2">ddc</subfield>
    <subfield code="4">0</subfield>
    <subfield code="7">0</subfield>
    <subfield code="8">INF</subfield>
    <subfield code="a">MECASTIL</subfield>
    <subfield code="b">MECASTIL</subfield>
    <subfield code="c">SInf</subfield>
    <subfield code="d">2023-08-10</subfield>
    <subfield code="l">0</subfield>
    <subfield code="o">372.21 F83o</subfield>
    <subfield code="p">EC00165</subfield>
    <subfield code="r">2023-08-10 21:04:04</subfield>
    <subfield code="t">Ej.1</subfield>
    <subfield code="w">2023-08-10</subfield>
    <subfield code="y">BKINF</subfield>
  </datafield>
  <datafield tag="952" ind1=" " ind2=" ">
    <subfield code="0">0</subfield>
    <subfield code="1">0</subfield>
    <subfield code="2">ddc</subfield>
    <subfield code="4">0</subfield>
    <subfield code="7">0</subfield>
    <subfield code="8">008</subfield>
    <subfield code="a">MEVIECAR</subfield>
    <subfield code="b">MEVIECAR</subfield>
    <subfield code="d">2019-09-01</subfield>
    <subfield code="g">6780.00</subfield>
    <subfield code="l">0</subfield>
    <subfield code="o">372.21 F83o</subfield>
    <subfield code="p">331303</subfield>
    <subfield code="r">2018-05-05 00:00:00</subfield>
    <subfield code="w">2018-05-05</subfield>
    <subfield code="y">BK</subfield>
  </datafield>
  <datafield tag="952" ind1=" " ind2=" ">
    <subfield code="0">0</subfield>
    <subfield code="1">0</subfield>
    <subfield code="2">ddc</subfield>
    <subfield code="4">0</subfield>
    <subfield code="7">0</subfield>
    <subfield code="8">GEN</subfield>
    <subfield code="a">MEPLLERAS</subfield>
    <subfield code="b">MEPLLERAS</subfield>
    <subfield code="c">SInf</subfield>
    <subfield code="d">2023-12-29</subfield>
    <subfield code="l">0</subfield>
    <subfield code="o">372.21 F83o</subfield>
    <subfield code="p">PLL01062</subfield>
    <subfield code="r">2023-12-29 16:14:26</subfield>
    <subfield code="t">Ej.1</subfield>
    <subfield code="w">2023-12-29</subfield>
    <subfield code="y">BKINF</subfield>
  </datafield>
  <datafield tag="952" ind1=" " ind2=" ">
    <subfield code="0">0</subfield>
    <subfield code="1">0</subfield>
    <subfield code="2">ddc</subfield>
    <subfield code="4">0</subfield>
    <subfield code="7">0</subfield>
    <subfield code="8">GEN</subfield>
    <subfield code="a">MESMARTI</subfield>
    <subfield code="b">MESMARTI</subfield>
    <subfield code="c">Bebeteca</subfield>
    <subfield code="d">2024-07-09</subfield>
    <subfield code="l">0</subfield>
    <subfield code="o">372.21  F83o</subfield>
    <subfield code="p">SM02967</subfield>
    <subfield code="r">2024-07-09 09:48:42</subfield>
    <subfield code="t">Ej.1</subfield>
    <subfield code="w">2024-07-09</subfield>
    <subfield code="y">BKINF</subfield>
  </datafield>
  <datafield tag="952" ind1=" " ind2=" ">
    <subfield code="0">0</subfield>
    <subfield code="1">0</subfield>
    <subfield code="4">0</subfield>
    <subfield code="7">0</subfield>
    <subfield code="8">InfPoTi</subfield>
    <subfield code="a">MEVIGERR</subfield>
    <subfield code="b">MEVIGERR</subfield>
    <subfield code="c">SInf</subfield>
    <subfield code="d">2014-11-21</subfield>
    <subfield code="o">372.21 F83o</subfield>
    <subfield code="p">ECA22850</subfield>
    <subfield code="r">2024-11-26 09:06:12</subfield>
    <subfield code="t">Ej.1</subfield>
    <subfield code="w">2024-11-26</subfield>
    <subfield code="y">BK</subfield>
    <subfield code="z">17285 | 22204</subfield>
  </datafield>
  <datafield tag="952" ind1=" " ind2=" ">
    <subfield code="0">0</subfield>
    <subfield code="1">0</subfield>
    <subfield code="4">0</subfield>
    <subfield code="7">0</subfield>
    <subfield code="8">InfPoTi</subfield>
    <subfield code="a">MEVIGERR</subfield>
    <subfield code="b">MEVIGERR</subfield>
    <subfield code="c">SInf</subfield>
    <subfield code="d">2014-11-24</subfield>
    <subfield code="o">372.21 F83o</subfield>
    <subfield code="p">ECA22335</subfield>
    <subfield code="r">2024-11-26 09:06:12</subfield>
    <subfield code="t">Ej.2</subfield>
    <subfield code="w">2024-11-26</subfield>
    <subfield code="y">BK</subfield>
    <subfield code="z">17285 | 22203</subfield>
  </datafield>
  <datafield tag="952" ind1=" " ind2=" ">
    <subfield code="0">0</subfield>
    <subfield code="1">0</subfield>
    <subfield code="2">ddc</subfield>
    <subfield code="4">0</subfield>
    <subfield code="7">0</subfield>
    <subfield code="8">INF</subfield>
    <subfield code="a">MESJUANI</subfield>
    <subfield code="b">MESJUANI</subfield>
    <subfield code="c">SInf</subfield>
    <subfield code="d">2025-01-17</subfield>
    <subfield code="l">0</subfield>
    <subfield code="o">372.21 F83o</subfield>
    <subfield code="p">SJU01207</subfield>
    <subfield code="r">2025-01-17 09:56:08</subfield>
    <subfield code="t">Ej.1</subfield>
    <subfield code="w">2025-01-17</subfield>
    <subfield code="y">BK</subfield>
  </datafield>
  <datafield tag="952" ind1=" " ind2=" ">
    <subfield code="0">0</subfield>
    <subfield code="1">0</subfield>
    <subfield code="2">ddc</subfield>
    <subfield code="4">0</subfield>
    <subfield code="7">0</subfield>
    <subfield code="8">INF</subfield>
    <subfield code="a">MEMESETA</subfield>
    <subfield code="b">MEMESETA</subfield>
    <subfield code="c">SInf</subfield>
    <subfield code="d">2025-09-29</subfield>
    <subfield code="l">0</subfield>
    <subfield code="o">372.21 F83o</subfield>
    <subfield code="p">ME02326</subfield>
    <subfield code="r">2025-05-26 11:02:00</subfield>
    <subfield code="t">Ej.1</subfield>
    <subfield code="w">2025-05-26</subfield>
    <subfield code="y">BK</subfield>
  </datafield>
  <datafield tag="952" ind1=" " ind2=" ">
    <subfield code="0">0</subfield>
    <subfield code="1">0</subfield>
    <subfield code="2">ddc</subfield>
    <subfield code="4">0</subfield>
    <subfield code="7">0</subfield>
    <subfield code="8">INF</subfield>
    <subfield code="a">MEGRANAD</subfield>
    <subfield code="b">MEGRANAD</subfield>
    <subfield code="c">SInf</subfield>
    <subfield code="d">2026-02-11</subfield>
    <subfield code="e">MINISTERIO DE CULTURA</subfield>
    <subfield code="l">0</subfield>
    <subfield code="o">372.21 F83o</subfield>
    <subfield code="p">GRDA00663</subfield>
    <subfield code="r">2026-02-11 21:52:22</subfield>
    <subfield code="t">Ej.1</subfield>
    <subfield code="w">2026-02-11</subfield>
    <subfield code="y">BK</subfield>
  </datafield>
</record>
